Provinces of the Anglican Communion - Statistics

General Stats
  • This quiz has been taken 253 times
  • The average score is 31 of 47
Answer Stats
Hint Answer % Correct
North America The Protestant Episcopal Church of the United States
95%
Oceania The Anglican Church of Australia
94%
North America The Anglican Church of Canada
94%
Africa The Anglican Church of Southern Africa
93%
Oceania The Anglican Church in Aotearoa, New Zealand, and Polynesia
92%
Europe The Church of Ireland
92%
Asia The Church of North India
89%
Asia The Church of South India
89%
South America The Anglican Episcopal Church of Brazil
88%
Europe The Church of England
88%
South America The Anglican Church of South America
87%
Africa The Church of Nigeria
86%
Europe The Scottish Episcopal Church
86%
North America The Anglican Church of Mexico
83%
North America The Church in the Province of the West Indies
83%
Asia The Anglican Church of Japan
82%
Europe The Church in Wales
82%
Africa The Anglican Church of Kenya
81%
Africa The Church of the Province of West Africa
81%
Asia Church of the Province of Southeast Asia
80%
Africa The Anglican Church of Tanzania
75%
Europe/Africa The Extra-Provincial Lusitanian Church
74%
Africa The Church of the Province of Uganda
72%
Asia The Church of Pakistan
71%
South America The Anglican Church of Chile
70%
Asia The Anglican Church of Korea
67%
Africa The Episcopal Church of Sudan
67%
Africa The Anglican Church of Mozambique and Angola
65%
Africa The Anglican Church of The Congo
65%
Asia The Church of Bangladesh
65%
North America The Anglican Church of Central America
63%
Europe The Reformed Episcopal Church of Spain (Extra-Provincial)
61%
Africa The Anglican Church of Rwanda
59%
Asia The Extra-Provincial Church of Ceylon
58%
Asia The Episcopal Church in the Philipines
55%
Oceania The Anglican Church of Papua New Guinea
54%
Africa The Anglican Church of Burundi
51%
Oceania The Anglican Church of Melanesia
46%
Africa The Episcopal Church of South Sudan
45%
Asia The Church of the Province of Myanmar
36%
Asia The Anglican Church in Hong Kong
35%
Asia The Episcopal Church in Jerusalem and the Middle East
29%
North America The Extra-Provincial Church of Bermuda
26%
South America The Extra-Provincial Church of the Falkland Islands
25%
Africa The Church of the Province of Central Africa
21%
Africa The Anglican Province of Alexandria
6%
Asia The Church of the Province of the Indian Ocean
1%
No matching quizzes found
Score Distribution
Percent of People with Each Score
Percentile by Number Answered
Your Score History
You have not taken this quiz